Pokémon - Les attaques de Sinistrail - Statistiques

Statistiques générales
  • Ce quiz a été pris 16 fois
  • Le résultat moyen est 12 sur 18
Statistiques - réponses
Niveaux Types Noms des attaques % Correct
Niveau 52 Acier Ancrage
100%
Niveau 44 Spectre Ball'Ombre
100%
Niveau 4 Spectre Étonnement
100%
Niveau 28 Plante Giga-Sangsue
100%
Niveau 12 Plante Méga-Sangsue
100%
Départ Plante Vol-Vie
100%
Niveau 20 Acier Gyroballe
83%
Niveau 64 Plante Mégafouet
83%
Niveau 36 Acier Tacle Lourd
83%
Niveau 48 Acier Strido-Son
67%
Niveau 56 Plante Éco-Sphère
50%
Niveau 60 Spectre Hantise
50%
Niveau 8 Normal Ligotage
50%
Niveau 40 Normal Souplesse
50%
Niveau 24 Ténèbres Passe-Passe
33%
Niveau 32 Eau Siphon
33%
Départ Normal Tour Rapide
33%
Niveau 16 Normal Croissance
17%
Aucun quiz correspondant
Distribution des résultats
% des personnes avec chaque résultat
Percentile par nombre de réponses
Votre historique - résultats
Vous n’avez pas pris ce quiz